LDR 00935naa#a2200217#i#450# 001 EN\\bibl\19979 005 20260701195105.3 100 ## _a20260630b2026####ek#y0engy0150####ca 102 ## _aRU 200 1# _aINFRASTRUCTURE-LEVEL NEURAL NETWORK INFERENCE OPTIMIZATION: MODEL SERVING PLATFORMS AND DISTRIBUTED COMPUTING _eConference article/thesis 210 1# _aVoronezh _cFSBE Institution of Higher Education Voronezh State University of Forestry and Technologies named after G.F. Morozov _d2026 215 ## _a9 с. 608 ## _aConference article/thesis _2local 675 ## _aИнформационные технологии. Компьютерные технологии. Теория вычислительных машин и систем. 004 _z 700 #1 _aMerzlyakov _gN. V. 700 #1 _aSemkin _gA. A. 700 #1 _aMatviychuk _gB. S. 700 #1 _aSedykh _gD. A. 700 #1 _aDudnik _gS. P. 700 #1 _aVytovtov _gP. D. 856 4# _abibl.vgltu.ru _u